00502nam a22001697a 4500003000900000008004100009040007100050082001800121100002000139245003500159260004000194300002800234505002300262650002300285650001100308650001300319AR-CdUCM190508b ||||| |||| 00| 0 spa d aMUNICIPALIDAD PROVINCIAL DEL CUSCOcBIBLIOTECA MUNICIPAL DEL CUSCO a828.82 /bD73 aDickens, Carlos aUna historia de dos ciudades / aBarcelona :bRamón Sopena,c1965. a357 páginas ;c19 cm. aContenido: Novela. aLiteratura Inglesa aNovela aSiglo XX